| 000 | 01364cam a22003614i 4500 | ||
|---|---|---|---|
| 003 | PE-LiUPU | ||
| 005 | 20250731184053.0 | ||
| 008 | 161012s1979 r 000 0 spa d | ||
| 035 | _a(Sirsi) a164185 | ||
| 082 | 0 | 4 |
_a860 _bG23 _220 |
| 100 | 1 |
_aGarcía López, José, _eautor. |
|
| 245 | 1 | 0 |
_aResumen de Historia de las Literaturas Híspánicas / _cJosé Garcia López. |
| 250 | _aSexta edición. | ||
| 264 | 1 |
_aBarcelona : _bTEIDE, _c1979. |
|
| 300 |
_a244 páginas: _bilustraciones ; _c22 centímetros. |
||
| 336 |
_atext _2rdacontent |
||
| 337 |
_aunmediated _2rdamedia |
||
| 338 |
_avolume _2rdacarrier |
||
| 505 | 0 | _aLa literatura castellana en el Edad Media -- La épica castellana y el Cantar del Mío Cid... | |
| 526 | _aP145 | ||
| 526 | _aP127 | ||
| 526 | _aP97 | ||
| 526 | _aP14 | ||
| 526 | _aP07 | ||
| 650 | 0 | 4 |
_aLiteratura española _x Historia y crítica. |
| 650 | 0 | 4 |
_aLiteratura hispanoamericana _x Historia y crítica. |
| 910 |
_ajck _bebj _cebj _d20161012 |
||
| 264 | 1 | _a**REQUIRED FIELD** | |
| 596 | _a1 | ||
| 942 |
_2ddc _cBOOK |
||
| 999 |
_a860 G23 _wDEWEY _c13030 _i74969 _f2021-11-9 _g5 _lCCODEBUL1 _mBUL _p5.00 _r0 _sY _tBOOK _u2016-10-12 _xEDUCACION _PP20 _0DONACION _o.STAFF. Colección Ciencias Humanas y Educación _d13030 |
||
| 980 |
_81 _gALBERTO SANCHEZ Responsable de Automatización |
||